[Event "GRE-chT 41st"]
[Site "Achaia"]
[Date "2013.07.07"]
[Round "7.9"]
[White "Hadolias, Mihail"]
[Black "Ladopoulos, Dimitrios"]
[Result "1/2-1/2"]
[WhiteElo "1516"]
[BlackElo "2082"]
[PlyCount "83"]
[EventDate "2013.07.02"]
[EventType "team-swiss"]
[EventRounds "7"]
[EventCountry "GRE"]
[SourceTitle "CBM 155 Extra"]
[Source "ChessBase"]
[SourceDate "2013.08.26"]
[SourceVersion "1"]
[SourceVersionDate "2013.08.26"]
[SourceQuality "1"]
[WhiteTeam "Kavalas OFS"]
[BlackTeam "Irakleiou CN"]
[WhiteTeamCountry "GRE"]
[BlackTeamCountry "GRE"]

1. d4 e6 2. c4 b6 3. Nf3 Bb7 4. e3 f5 5. Bd3 Nf6 6. 0-0 Be7 7. Nc3 Bb4 8. Bd2 Bxc3 9. Bxc3 0-0 10. b4 Ne4 11. Bb2 d6 12. Rc1 Nd7 13. Nd2 Nxd2 14. Qxd2 Qe7 15. f3 Rae8 16. Rce1 Nf6 17. e4 fxe4 18. fxe4 e5 19. d5 c6 20. Qe2 Nd7 21. Rxf8+ Rxf8 22. Rf1 Rxf1+ 23. Qxf1 Nf6 24. b5 cxb5 25. cxb5 Nd7 26. Ba3 Nc5 27. Bxc5 bxc5 28. Qc1 Bc8 29. h3 g6 30. a4 Kf7 31. a5 Qd8 32. Qc3 Bd7 33. Bc4 Bc8 34. Qa3 Qc7 35. Qc3 Qd8 36. Qf3+ Kg7 37. Qc3 Qc7 38. Qd2 Qd8 39. Kf1 Qf6+ 40. Kg1 Qd8 41. Kf1 Qf6+ 42. Kg1 1/2-1/2

[Event "GRE-chT 41st"]
[Site "Achaia"]
[Date "2013.07.03"]
[Round "3.9"]
[White "Ballas, Athanasios Panagiot"]
[Black "Hadolias, Mihail"]
[Result "1-0"]
[WhiteElo "1801"]
[BlackElo "1516"]
[PlyCount "29"]
[EventDate "2013.07.02"]
[EventType "team-swiss"]
[EventRounds "7"]
[EventCountry "GRE"]
[SourceTitle "CBM 155 Extra"]
[Source "ChessBase"]
[SourceDate "2013.08.26"]
[SourceVersion "1"]
[SourceVersionDate "2013.08.26"]
[SourceQuality "1"]
[WhiteTeam "Thessaloniki HS"]
[BlackTeam "Kavalas OFS"]
[WhiteTeamCountry "GRE"]
[BlackTeamCountry "GRE"]

1. e4 c6 2. d4 d5 3. Nc3 dxe4 4. Nxe4 Nd7 5. Ng5 Ngf6 6. Bd3 g6 7. h4 Nb6 8. c3 Bg7 9. Qc2 e6 10. N1f3 Qe7 11. Ne5 Rf8 12. a4 Bd7 13. b3 Nc8 14. Ba3 Nd6 15. Nc4 1-0

[Event "GRE-ch U14"]
[Site "Rio Achaia"]
[Date "2012.06.29"]
[Round "7.9"]
[White "Hadolias, Mihail"]
[Black "Ballas, Athanasios Panagiot"]
[Result "1/2-1/2"]
[WhiteElo "1467"]
[BlackElo "1840"]
[PlyCount "85"]
[EventDate "2012.06.24"]
[EventType "swiss"]
[EventRounds "7"]
[EventCountry "GRE"]
[SourceTitle "EXT 2024"]
[Source "ChessBase"]
[SourceDate "2023.10.10"]
[SourceVersion "1"]
[SourceVersionDate "2023.10.10"]
[SourceQuality "1"]

1. d4 Nf6 2. c4 g6 3. Nf3 Bg7 4. g3 0-0 5. Bg2 d5 6. cxd5 Nxd5 7. Nc3 Nb6 8. 0-0 Nc6 9. e3 Re8 10. b3 e5 11. Nxe5 Nxe5 12. dxe5 Bxe5 13. Bb2 Qe7 14. Qc1 c6 15. Ne4 Bf5 16. Bxe5 Bxe4 17. Bxe4 Qxe5 18. Bg2 Rad8 19. Qc2 Rd6 20. Rfd1 Red8 21. e4 Rd4 22. Rxd4 Qxd4 23. Re1 a5 24. Bf3 Qd2 25. Qxd2 Rxd2 26. Re2 Rd3 27. Kg2 a4 28. Rb2 axb3 29. Rxb3 Rxb3 30. axb3 Nd7 31. Bd1 f6 32. f4 Kf7 33. Kf3 Ke6 34. Ke3 g5 35. Bg4+ Kd6 36. Bxd7 Kxd7 37. Kd4 gxf4 38. gxf4 Kd6 39. b4 b6 40. h3 h6 41. h4 h5 42. Kc4 Ke6 43. Kd4 1/2-1/2

[Event "GRE-ch U14"]
[Site "Rio Achaia"]
[Date "2012.06.24"]
[Round "1.8"]
[White "Grigoriadis, Mihail"]
[Black "Hadolias, Mihail"]
[Result "1-0"]
[WhiteElo "1855"]
[BlackElo "1467"]
[PlyCount "97"]
[EventDate "2012.06.24"]
[EventType "swiss"]
[EventRounds "7"]
[EventCountry "GRE"]
[SourceTitle "EXT 2024"]
[Source "ChessBase"]
[SourceDate "2023.10.10"]
[SourceVersion "1"]
[SourceVersionDate "2023.10.10"]
[SourceQuality "1"]

1. e4 c6 2. d4 d5 3. Nc3 dxe4 4. Nxe4 Nd7 5. Nf3 e6 6. Bd3 h6 7. 0-0 Ngf6 8. c4 Nxe4 9. Bxe4 Nf6 10. Bc2 b6 11. Ne5 Bb7 12. Re1 Bd6 13. Qd3 0-0 14. Bf4 c5 15. Ng4 Ne4 16. Bxd6 Qxd6 17. Rxe4 Bxe4 18. Qxe4 f5 19. Qe5 Qxe5 20. Nxe5 cxd4 21. Rd1 Rfd8 22. Kf1 Rac8 23. Bb3 Rd6 24. Rd3 Rc5 25. f4 g5 26. Nf3 gxf4 27. Rxd4 Rxd4 28. Nxd4 Kf7 29. Ke2 Kf6 30. Nb5 a6 31. Nc3 Kg5 32. Bc2 a5 33. b3 Rc8 34. Bd3 Kf6 35. Kf3 Ke5 36. Ne2 Rd8 37. Nxf4 Rd4 38. g3 Rd6 39. Ke3 Kf6 40. Be2 Rd8 41. a3 Ra8 42. Bf3 Ra7 43. Kd3 Rd7+ 44. Kc3 Rd6 45. b4 axb4+ 46. axb4 Rd7 47. c5 Rc7 48. Kc4 bxc5 49. bxc5 1-0